[Event "Cto Equipos Aragon 2012 Div. Honor A "]
[Site "Aragon"]
[Date "2012.02.04"]
[Round "1.1"]
[White "Hefty Hilardo Jorge W"]
[Black "Valiente Roy Jose Javier"]
[Result "1-0"]
[WhiteElo "2329"]
[BlackElo "2005"]

1.d4 d5 2.c4 c6 3.Nf3 Nf6 4.Nc3 a6 5.c5 Bf5 6.Qb3 Ra7 7.Bf4 Nbd7 8.e3 Nh5 9.
Be5 Nhf6 10.Bg3 Nh5 11.Nh4 Nxg3 12.hxg3 e6 13.Rc1 Be7 14.Be2 Bf6 15.Qd1 a5 16.
Nxf5 exf5 17.Bd3 g6 18.Qf3 Bg7 19.g4 fxg4 20.Qxg4 Qe7 21.Kf1 f5 22.Qh3 Nf6 23.
Qh4 Ra8 24.Re1 Kf7 25.Ne2 Rhe8 26.Bc2 Rab8 27.Nf4 b6 28.cxb6 Rxb6 29.Nd3 Nh5
30.Qxe7+ Rxe7 31.g3 Kg8 32.Rc1 Bh6 33.Re1 Bf8 34.Kg2 Nf6 35.Bb3 Ne4 36.Re2 Bg7
37.Rc1 Nd6 38.Rec2 Rc7 39.Bxd5+ 1-0

[Event "Cto Equipos Aragon 2012 Div. Honor A "]
[Site "Aragon"]
[Date "2012.02.04"]
[Round "1.2"]
[White "Munoz Suarez Luis Alberto"]
[Black "Martinez Cebolla Alberto"]
[Result "1/2-1/2"]
[WhiteElo "1994"]
[BlackElo "2081"]

1.e4 e5 2.Nf3 Nc6 3.Nc3 Nf6 4.Bb5 Bb4 5.O-O O-O 6.d3 Bxc3 7.bxc3 d6 8.Bg5 Ne7
9.Bxf6 gxf6 10.d4 Ng6 11.Re1 Kh8 12.g3 Bg4 13.Be2 f5 14.Nd2 Bxe2 15.Qxe2 fxe4
16.Qxe4 Qc8 17.dxe5 dxe5 18.Rab1 c6 19.Nc4 f5 20.Qe2 e4 21.f3 b5 22.Nd2 exf3
23.Nxf3 f4 24.Ne5 Qf5 25.Nxg6+ Qxg6 26.Qe5+ Kg8 27.Qe6+ Qxe6 28.Rxe6 1/2-1/2

[Event "Cto Equipos Aragon 2012 Div. Honor A "]
[Site "Aragon"]
[Date "2012.02.04"]
[Round "1.3"]
[White "Garcia Perez Ramon"]
[Black "Serrano San Nicolas Angel"]
[Result "0-1"]
[WhiteElo "1884"]
[BlackElo "1959"]

1.e4 d5 2.d4 dxe4 3.Nc3 Bf5 4.f3 Nf6 5.g4 Bg6 6.h4 h5 7.g5 Nfd7 8.fxe4 e5 9.d5
Bb4 10.Bg2 Nc5 11.Qe2 Qe7 12.Qb5+ Nbd7 13.Qxb4 Nd3+ 14.cxd3 Qxb4 15.Ne2 Nc5
16.O-O Nxd3 17.Be3 Qa5 18.b3 O-O 19.a3 Nf4 20.Rxf4 exf4 21.b4 Qa6 22.Bc5 Rfe8
23.b5 Qa5 24.Rc1 c6 25.Nd4 cxd5 26.Nb3 Qd8 27.Rd1 Qd7 28.Rd3 Qg4 29.Bf2 dxe4
30.Kh2 exd3 31.Nd4 d2 32.Bh3 d1=Q 0-1

[Event "Cto Equipos Aragon 2012 Div. Honor A "]
[Site "Aragon"]
[Date "2012.02.04"]
[Round "1.4"]
[White "Navarro Castan Jesus"]
[Black "Orriach Gonzalez Juan Manuel"]
[Result "1/2-1/2"]
[WhiteElo "1875"]
[BlackElo "1787"]

1.e4 e6 2.d4 d5 3.Nc3 Nf6 4.e5 Nfd7 5.f4 c5 6.Nf3 Nc6 7.Be3 Qb6 8.dxc5 Bxc5 9.
Bxc5 Nxc5 10.Rb1 Qb4 11.Qd2 d4 12.Nb5 Qxd2+ 13.Kxd2 O-O 14.Nbxd4 Rd8 15.c3 Ne7
16.Bc4 Bd7 17.Ke3 a6 18.a3 Rac8 19.Ba2 Na4 20.Nd2 b5 21.Ne4 Nb6 22.Nd6 Rc7 23.
g3 Nbd5+ 24.Bxd5 Nxd5+ 25.Ke2 Bc6 26.Nxc6 Rxc6 27.Rhd1 f6 28.Ne4 Kf7 29.Rd2
Ke7 30.Rbd1 Rdc8 31.Nf2 f5 32.Nd3 a5 33.Ne1 Rc5 34.Rd4 R8c7 35.Nf3 Rc4 36.R4d2
R4c6 37.Nd4 Rb6 38.Nxe6 Nxc3+ 39.bxc3 Rxe6 40.Rd3 g5 41.Rb1 Rc5 42.Rbd1 Rc7
43.Kd2 gxf4 44.gxf4 Rc4 45.Rd4 Rh6 46.Rh1 Rc5 47.h4 Rg6 48.Kc2 Rg2+ 49.Kb3 Rg3
50.Rhd1 Rcxc3+ 51.Kb2 Rb3+ 52.Kc2 Rbc3+ 53.Kb2 1/2-1/2

[Event "Cto Equipos Aragon 2012 Div. Honor A "]
[Site "Aragon"]
[Date "2012.02.04"]
[Round "1.5"]
[White "Del Rey Diego"]
[Black "Adla Diego"]
[Result "1/2-1/2"]
[WhiteElo "2371"]
[BlackElo "2499"]

1.d4 d5 2.c4 c6 3.Nf3 Nf6 4.Qc2 dxc4 5.e4 b5 6.b3 cxb3 7.axb3 e6 8.Bd2 a5 9.
Bd3 Na6 10.O-O Nb4 11.Bxb4 Bxb4 12.Qxc6+ Bd7 13.Qc2 O-O 1/2-1/2

[Event "Cto Equipos Aragon 2012 Div. Honor A "]
[Site "Aragon"]
[Date "2012.02.04"]
[Round "1.6"]
[White "Glavina Pablo"]
[Black "Chueca Forcen Alberto"]
[Result "1-0"]
[WhiteElo "2457"]
[BlackElo "2350"]

1.Nf3 e6 2.c4 f5 3.g3 Nf6 4.Bg2 d5 5.O-O Bd6 6.b3 Qe7 7.Nc3 c6 8.d3 O-O 9.Qc2
Na6 10.e4 Nb4 11.Qe2 e5 12.exd5 e4 13.dxe4 fxe4 14.Ng5 Bg4 15.f3 Bc5+ 16.Kh1
exf3 17.Bxf3 Bxf3+ 18.Rxf3 Qxe2 19.Nxe2 Nc2 20.Rb1 Ne1 21.Rf1 Ng4 22.Bf4 Nf2+
23.Rxf2 Bxf2 24.Rd1 cxd5 25.cxd5 Nc2 26.d6 Ne3 27.Rd2 Be1 28.Rd4 Ng4 29.d7 Nf6
30.Ne6 Bf2 31.d8=Q 1-0

[Event "Cto Equipos Aragon 2012 Div. Honor A "]
[Site "Aragon"]
[Date "2012.02.04"]
[Round "1.7"]
[White "Melendez Fierro Juan Bautista"]
[Black "Lopez Gracia Fernando"]
[Result "0-1"]
[WhiteElo "2208"]
[BlackElo "2336"]

1.e4 c5 2.Nc3 Nc6 3.Nf3 e6 4.d4 cxd4 5.Nxd4 a6 6.Be2 d6 7.O-O Nf6 8.Be3 Be7 9.
f4 O-O 10.Bf3 Qc7 11.Nb3 b5 12.Qe1 Bb7 13.a3 b4 14.axb4 Nxb4 15.Qf2 Rac8 16.
Rfc1 Rfe8 17.Bb6 Qb8 18.Ra4 d5 19.exd5 Nbxd5 20.Nxd5 Bxd5 21.Bxd5 Nxd5 22.Rxa6
Qb7 23.Rca1 Rc6 24.Na5 Qxa6 0-1

[Event "Cto Equipos Aragon 2012 Div. Honor A "]
[Site "Aragon"]
[Date "2012.02.04"]
[Round "1.8"]
[White "Moreno Gracia Daniel"]
[Black "Hernando Garcia Antonio"]
[Result "1/2-1/2"]
[WhiteElo "2322"]
[BlackElo "2219"]

1.d4 d5 2.c4 c6 3.Nf3 Nf6 4.Nc3 Bf5 5.cxd5 cxd5 6.Qb3 Qb6 7.Nxd5 Nxd5 8.Qxd5
e6 9.Qb3 Qxb3 10.axb3 Bc2 11.Bd2 Nc6 12.Rc1 Bxb3 13.e4 a6 14.Bd3 Bd6 15.O-O
O-O 16.Bc3 Ba4 17.Rfe1 Bb5 18.Bxb5 axb5 19.d5 exd5 20.exd5 Ne7 21.Be5 Nf5 22.
Nh4 Nxh4 23.Bxd6 Rfe8 24.Rxe8+ Rxe8 25.Bc7 Ng6 26.Kf1 f6 27.Rc5 Re7 28.d6 Rd7
29.Rxb5 Kf7 30.Rxb7 Ke6 31.b4 Ne5 32.Rb8 Nc4 33.Re8+ Kf7 34.Re2 Nxd6 35.Bxd6
Rxd6 36.Ke1 h5 37.Rd2 Rb6 38.Rd4 Ke6 39.Kd2 Ke5 40.Kc3 g5 41.Rd2 Rb8 42.Kc4
Rc8+ 43.Kb5 Rb8+ 44.Kc4 Rc8+ 45.Kb3 Rb8 46.Rc2 h4 47.Rc5+ Kd4 48.Rc6 f5 49.
Rd6+ Ke4 50.Re6+ Kf4 51.Re3 g4 52.Kc4 Rc8+ 53.Kd5 Rc2 54.g3+ Kg5 55.b5 Rxf2
56.b6 Rxh2 57.gxh4+ Rxh4 58.b7 Rh8 59.Rb3 Rb8 60.Ke5 f4 61.Ke4 f3 62.Ke3 Kf5
63.Rb5+ Ke6 64.Kf2 Kd6 65.Rg5 Rxb7 66.Rxg4 Rf7 67.Rg3 Ke5 68.Rxf3 Rxf3+ 69.
Kxf3 1/2-1/2

[Event "Cto Equipos Aragon 2012 Div. Honor A "]
[Site "Aragon"]
[Date "2012.02.04"]
[Round "1.9"]
[White "Cifuentes Roberto"]
[Black "Gavin Roche Enrique"]
[Result "1/2-1/2"]
[WhiteElo "2523"]
[BlackElo "2253"]

1.d4 d5 2.c4 e6 3.Nf3 Nf6 4.e3 c5 5.Nc3 a6 6.a3 Nc6 7.dxc5 Bxc5 8.b4 Bd6 9.
cxd5 exd5 10.Be2 O-O 11.O-O Be6 12.Bb2 Rc8 13.Rc1 Qe7 14.Na4 Rfd8 15.Nc5 Ne4
16.Nb3 Bb8 17.Nbd4 Bd7 18.Nxc6 Bxc6 19.Nd4 Bd7 20.Rxc8 Rxc8 21.Nf3 Nc3 22.Bxc3
Rxc3 23.Qxd5 Be6 24.Qe4 Rxa3 25.Rc1 Bd6 26.Nd4 g6 27.b5 Ra4 28.bxa6 bxa6 29.
Qc6 Bd7 30.Qb6 Qf6 31.Qa7 Bb5 32.Bf3 Kg7 33.Rb1 Bc4 34.h3 Ra2 35.Qd7 Be5 36.
Nc6 Be2 37.Bxe2 Rxe2 38.f4 Qh4 39.Qd5 Qf2+ 40.Kh1 Bf6 41.Ne5 Re1+ 42.Rxe1
Qxe1+ 43.Kh2 Bxe5 44.Qxe5+ Kg8 45.e4 h5 46.f5 gxf5 47.Qb8+ Kg7 48.exf5 h4
1/2-1/2

[Event "Cto Equipos Aragon 2012 Div. Honor A "]
[Site "Aragon"]
[Date "2012.02.04"]
[Round "1.10"]
[White "Laliena Solanes Luis"]
[Black "Accattato Martin Mario"]
[Result "1-0"]
[WhiteElo "2181"]
[BlackElo "2190"]

1.d4 d5 2.Bf4 c5 3.e3 Nf6 4.c3 Qb6 5.Na3 a6 6.Qb3 Qa5 7.Nf3 c4 8.Bxc4 e5 9.
dxe5 Bxa3 10.exf6 Bxb2 11.Qxb2 dxc4 12.fxg7 Rg8 13.Ne5 Qd5 14.Qd2 Be6 15.Qxd5
Bxd5 16.Ng4 Nd7 17.O-O-O Be6 18.Rxd7 Kxd7 19.Nf6+ Ke7 20.Nxg8+ Rxg8 21.Bh6 Kf6
22.e4 Kg6 23.Be3 Rxg7 24.Rd1 f5 25.Rd6 Kf7 26.exf5 Bxf5 27.Bd4 Rg6 28.Rxg6
hxg6 29.Bb6 Bd7 30.Kd2 Ke6 31.Ke3 Kd5 32.Kf4 Kc6 33.Bd8 Kb5 34.g4 Ka4 35.Be7
b5 36.h4 a5 37.h5 gxh5 38.gxh5 Be8 39.Kg5 Bf7 40.h6 Bg8 41.Kg6 b4 42.cxb4 axb4
43.Kg7 1-0

[Event "Cto Equipos Aragon 2012 Div. Honor A "]
[Site "Aragon"]
[Date "2012.02.04"]
[Round "1.11"]
[White "Gonzalez Gambau Jorge"]
[Black "Latorre Abad Fernando"]
[Result "1-0"]
[WhiteElo "2097"]
[BlackElo "2100"]

1.e4 c5 2.Nc3 Nc6 3.g3 g6 4.Bg2 Bg7 5.d3 d6 6.f4 f5 7.Nf3 Nf6 8.O-O Qd7 9.h3
b6 10.e5 Nh5 11.Kh2 O-O 12.e6 Qd8 13.Ng5 Bb7 14.Nf7 Qc8 15.Nd5 Re8 16.g4 Nf6
17.gxf5 Nxd5 18.Bxd5 Nd4 19.Bxb7 Qxb7 20.fxg6 hxg6 21.Qg4 Qd5 22.Qxg6 Qxe6 23.
Qxe6 Nxe6 24.Ng5 Nxg5 25.fxg5 Rf8 26.Bf4 Bxb2 27.Rae1 e5 28.Bd2 b5 29.Kg3 b4
30.h4 Kg7 31.h5 Bc3 32.Bxc3 bxc3 33.Kg4 Rab8 34.Rf5 Rb4+ 35.Re4 Rb2 36.h6+ 1-0

[Event "Cto Equipos Aragon 2012 Div. Honor A "]
[Site "Aragon"]
[Date "2012.02.04"]
[Round "1.12"]
[White "Cobo Garrido Diego Israel"]
[Black "Mancho Fondevila Jorge"]
[Result "1-0"]
[WhiteElo "2049"]
[BlackElo "1852"]

1.e4 d6 2.d4 Nf6 3.Nc3 e5 4.Nf3 Nbd7 5.Bc4 Be7 6.O-O O-O 7.Re1 c6 8.a4 b6 9.d5
cxd5 10.Nxd5 Nxd5 11.Bxd5 Rb8 12.Qd3 Nf6 13.Bb3 Bb7 14.Bg5 Qc7 15.Bxf6 Bxf6
16.Rad1 Rfd8 17.Nd2 Rbc8 18.Nf1 g6 19.Ne3 Qc5 20.Bd5 Bxd5 21.Nxd5 Kg7 22.Qf3
Bg5 23.c3 Rd7 24.g3 Be7 25.h4 Rf8 26.b4 Qc6 27.h5 f5 28.hxg6 hxg6 29.Qd3 Bg5
30.Qb5 Qxb5 31.axb5 fxe4 32.Rxe4 Rc8 33.f4 exf4 34.gxf4 Bf6 35.Rd3 Kf7 36.Kg2
Bg7 37.Kf3 Rh8 38.Kg4 Rh1 39.Rc4 Rg1+ 40.Kf3 Rf1+ 41.Kg2 Re1 42.Rc6 Re6 43.Kf3
Bf6 44.Ne3 Kg7 45.f5 Ree7 46.fxg6 Kxg6 47.Rdxd6 Kf7 48.Rxf6+ 1-0

[Event "Cto Equipos Aragon 2012 Div. Honor A "]
[Site "Aragon"]
[Date "2012.02.04"]
[Round "1.13"]
[White "Llorente Zaro Alfonso"]
[Black "Llanes Luno Ricardo"]
[Result "1-0"]
[WhiteElo "2445"]
[BlackElo "2203"]

1.d4 d5 2.Nc3 g6 3.e4 dxe4 4.Nxe4 Bg7 5.Nf3 Bg4 6.Bc4 Nf6 7.Neg5 O-O 8.Nxf7
Rxf7 9.Bxf7+ Kxf7 10.Ne5+ Kg8 11.Nxg4 Nxg4 12.Qxg4 Bxd4 13.O-O Nc6 14.c3 Bf6
15.Qe6+ Kg7 16.Bf4 Qd3 17.Rad1 Qb5 18.Qb3 Qf5 19.Bxc7 Rf8 20.Qxb7 Ne5 21.Qd5
e6 22.Qa5 Rf7 23.b3 h5 24.Rde1 Nf3+ 25.gxf3 Qxf3 26.Re3 Qg4+ 27.Kh1 Bh4 28.Rg1
1-0

[Event "Cto Equipos Aragon 2012 Div. Honor A "]
[Site "Aragon"]
[Date "2012.02.04"]
[Round "1.14"]
[White "Llanes Luno Pedro Alfredo"]
[Black "Remiro Juste Fernando Jose"]
[Result "0-1"]
[WhiteElo "2148"]
[BlackElo "2219"]

1.e4 c5 2.Nf3 Nc6 3.d4 cxd4 4.Nxd4 e5 5.Nb5 d6 6.N1c3 a6 7.Na3 b5 8.Nd5 Nge7
9.Be3 Nxd5 10.Qxd5 Qc7 11.Be2 Be6 12.Qd2 Be7 13.O-O O-O 14.c3 Rfd8 15.Bf3 Rab8
16.Rfc1 Na5 17.b4 Nc4 18.Nxc4 Bxc4 19.a4 Ra8 20.g3 Qc6 21.axb5 axb5 22.Ba7 h6
23.h4 f5 24.Qe3 f4 25.Qb6 Qd7 26.gxf4 Rf8 27.f5 Bxh4 28.Ra6 Bd8 29.Qe3 Bg5 0-1

[Event "Cto Equipos Aragon 2012 Div. Honor A "]
[Site "Aragon"]
[Date "2012.02.04"]
[Round "1.15"]
[White "Mimbela Lopez Miguel A"]
[Black "Roche Simon Manuel Angel"]
[Result "1/2-1/2"]
[WhiteElo "2178"]
[BlackElo "2134"]

1.d4 Nf6 2.f3 d5 3.e4 e6 4.e5 Nfd7 5.f4 c5 6.c3 Nc6 7.Nf3 Be7 8.Be3 a6 9.Be2
b5 10.O-O c4 11.Ng5 Qb6 12.Qe1 h6 13.Nh3 g6 14.Nd2 b4 15.Qf2 Na5 16.g4 bxc3
17.bxc3 Qb2 18.Rac1 Nf8 19.Kh1 Bd7 20.Bf3 Nc6 21.f5 g5 22.a4 Qa3 23.fxe6 fxe6
24.Bxd5 exd5 25.Qf7+ Kd8 26.Qxd5 Ne6 27.Nxc4 Nc7 28.Qf7 Qb3 29.Nd2 Qxf7 30.
Rxf7 Ba3 31.Ra1 Bb2 32.Rb1 Rb8 1/2-1/2

[Event "Cto Equipos Aragon 2012 Div. Honor A "]
[Site "Aragon"]
[Date "2012.02.04"]
[Round "1.16"]
[White "Campo Millan Diego"]
[Black "Delgado Salcedo Eduardo"]
[Result "1/2-1/2"]
[WhiteElo "2091"]
[BlackElo "2174"]

1.e4 c5 2.Nc3 d6 3.g3 Nc6 4.Bg2 Nf6 5.d3 g6 6.f4 Bg7 7.Nf3 Nd4 8.Be3 h5 9.h3
h4 10.Nxd4 cxd4 11.Bxd4 hxg3 12.Qf3 e5 13.fxe5 Nh5 14.e6 O-O 15.e7 Qxe7 16.Nd5
Qh4 17.Bxg7 Kxg7 18.O-O-O Be6 19.Ne3 Rfc8 20.Kb1 Qf4 21.Rdf1 Qe5 22.Ng4 Qa5
23.c4 Qd2 24.Rd1 Qf4 25.Qe2 Qg5 26.Rdf1 Rc5 27.Rhg1 b5 28.b3 Kg8 29.d4 Rcc8
30.cxb5 d5 31.Ne3 Rc3 32.Nxd5 Bxd5 33.exd5 Rac8 34.d6 Nf4 35.Qe7 Qxb5 36.Rxf4
1/2-1/2

[Event "Cto Equipos Aragon 2012 Div. Honor B "]
[Site "Aragon"]
[Date "2012.02.04"]
[Round "1.17"]
[White "Forcen Esteban Daniel"]
[Black "Antoli Royo Joaquin Miguel"]
[Result "1/2-1/2"]
[WhiteElo "2428"]
[BlackElo "2410"]

1.e4 c5 2.Nf3 Nc6 3.d4 cxd4 4.Nxd4 d6 5.Nc3 e5 6.Ndb5 a6 7.Na3 Be7 8.Nc4 Nf6
9.Ne3 O-O 10.g3 Be6 11.Bg2 Rc8 12.O-O Na5 13.Ncd5 Nxd5 14.Nxd5 Bxd5 15.Qxd5
Rxc2 16.b4 Nc6 17.Be3 Qc8 18.Rfc1 Nxb4 19.Qb3 Rxc1+ 20.Rxc1 Nc6 21.Bf1 Qd7 22.
Rb1 Rb8 23.Bc4 Bd8 24.Bd5 h6 25.a4 b5 26.Qc2 Ne7 27.Ba2 Bb6 28.Qb3 Nc6 29.axb5
axb5 30.Qd5 Nd4 31.Bxd4 Bxd4 32.Rb3 Rb7 33.Kg2 b4 34.Rf3 Ra7 35.Bb3 Qc7 36.Qb5
Qd8 37.Qxb4 Bc5 38.Qc4 Qe8 39.Qc1 Kh7 40.Qc4 g6 1/2-1/2

[Event "Cto Equipos Aragon 2012 Div. Honor B "]
[Site "Aragon"]
[Date "2012.02.04"]
[Round "1.18"]
[White "Garza Marco Sergio"]
[Black "Baron Rodriguez Jesus"]
[Result "1-0"]
[WhiteElo "2394"]
[BlackElo "2449"]

1.d4 Nf6 2.c4 e6 3.Nc3 d5 4.cxd5 exd5 5.Bg5 c6 6.e3 Be7 7.Qc2 O-O 8.Bd3 Nbd7
9.Nf3 Re8 10.h3 Nf8 11.O-O Ne4 12.Bf4 Nd6 13.Ne5 f6 14.Nf3 Be6 15.Rfe1 Bf7 16.
b4 a6 17.Bxd6 Bxd6 18.Rab1 Rc8 19.Na4 Rc7 20.Nc5 g5 21.e4 dxe4 22.Nxe4 Kg7 23.
Nc5 Rce7 24.Rxe7 Rxe7 25.Bf5 Bd5 26.Nd2 Qe8 27.Kf1 Ng6 28.g3 Bb8 29.Nc4 Nf8
30.Nb6 Qd8 31.Nc8 Rc7 32.Nb6 Re7 33.Nc8 Rc7 34.Nb6 Ba7 35.Nc4 b6 36.Nxa6 Re7
37.Ne3 Ne6 38.Rd1 Bf3 39.Bxe6 Bxd1 40.Qxc6 Ba4 41.Nf5+ Kh8 42.Qxa4 Rxe6 43.Qb3
Qd7 44.b5 Re8 45.g4 Bb8 46.Nxb8 Rxb8 47.d5 Rc8 48.d6 Rc1+ 49.Ke2 Rc5 50.Ne7
Re5+ 51.Kf3 Re6 52.Nf5 Re5 53.a4 h5 54.Qc4 Rxf5+ 55.gxf5 Qxd6 56.Kg2 Qe5 57.
Qe6 Qd4 58.Qe8+ Kg7 59.Qxh5 Qe4+ 60.Qf3 Qxa4 61.Qb7+ Kh6 62.Qxb6 Qe4+ 63.Kf1
Qxf5 64.Qc6 Qxh3+ 65.Ke1 Qb3 66.b6 Qb1+ 67.Ke2 Qb2+ 68.Kf3 g4+ 69.Kxg4 Qxf2
70.b7 Qe2+ 71.Qf3 f5+ 72.Kg3 Qe1+ 73.Kh3 Qe5 74.Qb3 Qb8 75.Qe6+ Kg7 76.Qc8 Qf4
77.b8=Q Qf1+ 78.Kh4 Qh1+ 79.Kg5 Qg2+ 80.Kxf5 Qh3+ 81.Kf4 Qf1+ 82.Kg4 Qe2+ 83.
Kh4 1-0

[Event "Cto Equipos Aragon 2012 Div. Honor B "]
[Site "Aragon"]
[Date "2012.02.04"]
[Round "1.19"]
[White "Castillo Sanjuan Alejandro"]
[Black "Fontana Sotomayor Luis Javier"]
[Result "1/2-1/2"]
[WhiteElo "2044"]
[BlackElo "2345"]

1.e4 c6 2.d4 d5 3.e5 Bf5 4.Nc3 e6 5.g4 Bg6 6.Nge2 f6 7.Nf4 fxe5 8.Nxg6 hxg6 9.
dxe5 Nd7 10.Bf4 Qb6 11.Qd3 O-O-O 12.O-O-O Qxf2 13.Bg3 Qb6 14.Qxg6 Ne7 15.Qxe6
Rh6 16.Qf7 Qe3+ 17.Kb1 Nxe5 18.Qf4 Qxf4 19.Bxf4 Re6 20.g5 N7g6 21.Bg3 Ree8 22.
Bh3+ Kc7 23.Rhf1 Bd6 24.Ne2 Nf3 25.Rxf3 Rxe2 26.Rf7+ Re7 27.Bxd6+ Rxd6 28.
Rxe7+ Nxe7 29.Rf1 Rg6 30.Re1 Kd8 31.Re5 Rd6 32.Bg4 Ng6 33.Re1 d4 34.b3 Rd5 35.
Rd1 c5 36.Bf3 Rxg5 37.Bxb7 Kc7 38.Be4 Ne5 39.Rd2 a5 40.Rf2 Rg4 41.Bf5 Rg1+ 42.
Kb2 c4 43.bxc4 Nxc4+ 44.Kb3 Nd6 45.Bd3 Rb1+ 46.Ka3 Nb5+ 47.Bxb5 Rxb5 48.Rf7+
Kb6 49.Rxg7 Rh5 50.Rg2 Kb5 51.Kb3 a4+ 52.Kb2 Rh3 53.a3 Kc4 54.Rd2 Kc5 1/2-1/2

[Event "Cto Equipos Aragon 2012 Div. Honor B "]
[Site "Aragon"]
[Date "2012.02.04"]
[Round "1.21"]
[White "Martinez Catalan Fco  Javier"]
[Black "Quintin Navarro Alberto"]
[Result "1/2-1/2"]
[WhiteElo "2245"]
[BlackElo "2201"]

1.d4 Nf6 2.Nf3 g6 3.Nc3 d5 4.Bf4 Bg7 5.e3 O-O 6.Be2 c6 7.h4 Qb6 8.a3 Bg4 9.b4
Nbd7 10.Ne5 Bxe2 11.Qxe2 h5 12.f3 Nxe5 13.Bxe5 Nd7 14.Bxg7 Kxg7 15.g4 e5 16.
Na4 Qc7 17.gxh5 exd4 18.O-O-O Qe5 19.Rxd4 Rae8 20.Kd2 Qxh5 21.f4 Qxe2+ 22.Kxe2
Nf6 23.Kf3 Rh8 24.Nc3 Rh5 25.b5 Ng4 26.e4 f5 27.e5 Rh7 28.bxc6 bxc6 29.Ra4 Re7
30.Ra6 Rc7 31.Ne2 Kf7 32.Nd4 Rh8 33.Nxc6 Rhc8 34.Nb4 Rc3+ 35.Ke2 Rg3 36.h5
Rg2+ 37.Ke1 Ne3 38.hxg6+ Kg8 39.Rc6 Rxc6 40.Nxc6 Nxc2+ 41.Kf1 1/2-1/2

[Event "Cto Equipos Aragon 2012 Div. Honor B "]
[Site "Aragon"]
[Date "2012.02.04"]
[Round "1.22"]
[White "Gimenez Martinez Alberto"]
[Black "Valles Mata David"]
[Result "1/2-1/2"]
[WhiteElo "2170"]
[BlackElo "2184"]

1.e4 Nf6 2.e5 Nd5 3.d4 d6 4.c4 Nb6 5.exd6 cxd6 6.Nc3 g6 7.Be3 Bg7 8.Rc1 O-O 9.
Nf3 e5 10.dxe5 dxe5 11.Qxd8 Rxd8 12.c5 N6d7 13.Bc4 Nc6 14.Ng5 Rf8 15.Nge4 Nf6
16.Nxf6+ Bxf6 17.Ne4 Bg7 18.Nd6 Be6 19.Bxe6 fxe6 20.O-O Rab8 21.a3 Nd4 22.Rfe1
Nf5 23.Nc4 Nxe3 24.Nxe3 Rbd8 25.Rcd1 Rd4 26.Rxd4 exd4 27.Nc4 Rc8 28.b4 b6 29.
Nd6 Rc6 30.Rxe6 bxc5 31.bxc5 Rxc5 32.Kf1 Bf8 33.Ne4 Ra5 34.Re8 h6 35.Rd8 Kf7
36.Rxd4 Rxa3 37.Ke2 a5 38.Nd6+ Ke6 39.Nc4 Ra2+ 40.Kf3 a4 41.Re4+ Kf6 42.Rf4+
Kg7 43.h4 Bc5 44.Ne3 a3 45.Rc4 Bd6 46.Rc6 Be5 47.Rc5 Bd4 48.Rc7+ Kg8 49.Rc8+
Kg7 50.Rc7+ Kg8 51.Rc8+ Kg7 1/2-1/2

[Event "Cto Equipos Aragon 2012 Div. Honor B "]
[Site "Aragon"]
[Date "2012.02.04"]
[Round "1.23"]
[White "Solano Lasierra Javier"]
[Black "Juberias Segura Santiago"]
[Result "1/2-1/2"]
[WhiteElo "2172"]
[BlackElo "2045"]

1.d4 d5 2.c4 c6 3.Nc3 Nf6 4.Nf3 e6 5.cxd5 exd5 6.Bg5 Be7 7.e3 Bf5 8.Bd3 Bxd3
9.Qxd3 Nbd7 10.O-O O-O 11.Rab1 Ne4 12.Bf4 Ndf6 13.Nd2 Nd6 14.h3 Re8 15.f3 Nh5
16.Bh2 Bg5 17.Rbe1 Nc4 18.Nxc4 dxc4 19.Qd2 Bh4 20.Re2 Ng3 21.Bxg3 Bxg3 22.Ne4
Bc7 23.g4 Qh4 24.Qc2 Qxh3 25.Ng5 Qh4 26.Qf5 Re7 27.Ne4 g6 28.Qc5 Rxe4 29.fxe4
Qg3+ 30.Kh1 Qh3+ 31.Kg1 1/2-1/2

[Event "Cto Equipos Aragon 2012 Div. Honor B "]
[Site "Aragon"]
[Date "2012.02.04"]
[Round "1.24"]
[White "Jaques Burguete Raul"]
[Black "Escuer Sanchez Nestor"]
[Result "1-0"]
[WhiteElo "2032"]
[BlackElo "2099"]

1.e4 Nf6 2.e5 Nd5 3.c4 Nb6 4.d4 d6 5.f4 dxe5 6.fxe5 Nc6 7.Be3 Bf5 8.Nc3 e6 9.
a3 Qd7 10.Nf3 Rd8 11.h3 Be7 12.Be2 O-O 13.O-O f6 14.Qe1 Na5 15.Nd2 fxe5 16.d5
c5 17.Rd1 Kh8 18.Nce4 exd5 19.Nxc5 Qc7 20.b4 Naxc4 21.Bxc4 Nxc4 22.Rxf5 Rxf5
23.Ne6 Qc8 24.Nxd8 Bxd8 25.g4 Rf7 26.Nb3 Nxe3 27.Qxe3 Bb6 28.Nc5 Bxc5 29.bxc5
Qe6 30.Qg5 Rf8 31.Rb1 Qc6 32.Qe7 Rb8 33.Qd6 Qxd6 34.cxd6 Kg8 35.d7 b6 36.Rc1
Kf7 37.Rc8 Ke7 38.d8=Q+ 1-0

[Event "Cto Equipos Aragon 2012 Div. Honor B "]
[Site "Aragon"]
[Date "2012.02.04"]
[Round "1.25"]
[White "Colas Longares Rafael P"]
[Black "Villuendas Valero Adrian"]
[Result "1-0"]
[WhiteElo "2321"]
[BlackElo "2287"]

1.e4 e6 2.d3 d5 3.Nd2 c5 4.Ngf3 Nc6 5.g3 Bd6 6.Bg2 Nge7 7.O-O O-O 8.Re1 Bc7 9.
Qe2 d4 10.e5 Ng6 11.Nc4 Bd7 12.h4 f6 13.exf6 gxf6 14.Bh6 Rf7 15.Ncd2 Bd6 16.h5
Nge5 17.Nxe5 Nxe5 18.Bxb7 Rb8 19.Bg2 Bf8 20.Bf4 Rc8 21.Bxe5 fxe5 22.Nc4 Rf5
23.Nxe5 Be8 24.Nc4 Bf7 25.Bh3 Qg5 26.Qg4 Re8 27.Re5 1-0

[Event "Cto Equipos Aragon 2012 Div. Honor B "]
[Site "Aragon"]
[Date "2012.02.04"]
[Round "1.26"]
[White "Colom Sienes Eduardo"]
[Black "Cabrera Moreno Daniel"]
[Result "0-1"]
[WhiteElo "2032"]
[BlackElo "2191"]

1.e4 e5 2.f4 d5 3.exd5 exf4 4.Nf3 Bd6 5.Bc4 Ne7 6.O-O O-O 7.d4 Nd7 8.Nc3 Ng6
9.Ne4 Nf6 10.Nxd6 Qxd6 11.Ne5 Nxd5 12.Nxg6 hxg6 13.Bxd5 Qxd5 14.Bxf4 c6 15.Re1
Be6 16.c3 Rfe8 17.Re5 Qd7 18.Qa4 b5 19.Qa5 Bd5 20.Rae1 f6 21.Qc7 Rxe5 22.Qxd7
Rxe1+ 23.Kf2 Re6 24.Bg3 Rae8 25.Kf1 a5 26.b3 R6e7 27.Qd6 Re2 28.Qd7 Bxg2+ 29.
Kg1 R8e3 30.Bf2 Bh3 31.Qxc6 Rd3 32.Be1 Rd1 0-1

[Event "Cto Equipos Aragon 2012 Div. Honor B "]
[Site "Aragon"]
[Date "2012.02.04"]
[Round "1.27"]
[White "Garcia Vicente Nieves"]
[Black "Sanmartin Agustin Alvaro"]
[Result "1/2-1/2"]
[WhiteElo "2198"]
[BlackElo "2026"]

1.d4 Nf6 2.c4 g6 3.Nc3 Bg7 4.e4 d6 5.h3 O-O 6.Bg5 Na6 7.Bd3 e5 8.d5 c6 9.Nge2
cxd5 10.Nxd5 Nc5 11.Bc2 Ne6 12.Be3 Nxd5 13.cxd5 Nf4 14.Nxf4 exf4 15.Bxf4 Bxb2
16.Rb1 Qa5+ 17.Kf1 Qxa2 18.Bxd6 Qa6+ 19.Bd3 Qxd6 20.Rxb2 f5 21.Kg1 fxe4 22.
Bxe4 Bf5 23.Bf3 b6 24.g3 a5 25.Kg2 a4 26.Qd4 Rfb8 27.Rc1 a3 28.Rb4 a2 29.Ra1
Ra3 30.Qf4 Rd8 31.Qxd6 Rxd6 32.Bd1 Kg7 33.Bb3 Bb1 34.f4 Kf6 35.Kf2 Kf5 36.g4+
Kf6 37.h4 h5 38.gxh5 gxh5 39.Bc4 Rc3 40.Ke1 b5 41.Bxa2 Bxa2 42.Rxa2 Rxd5 43.
Rab2 Rcc5 44.Ke2 Kf5 45.Ke3 Rc3+ 46.Ke2 Rcc5 47.Kf3 Rd3+ 48.Ke2 Rdd5 49.Kf3
Rc3+ 50.Ke2 Rc4 51.Rxb5 Re4+ 52.Kf3 Rxf4+ 53.Kg3 Rg4+ 54.Kh3 Rxb5 1/2-1/2

[Event "Cto Equipos Aragon 2012 Div. Honor B "]
[Site "Aragon"]
[Date "2012.02.04"]
[Round "1.28"]
[White "Gomez Salinas Nestor"]
[Black "Ferrer Serrano Roberto"]
[Result "0-1"]
[WhiteElo "1881"]
[BlackElo "2138"]

1.e4 c5 2.Nf3 Nc6 3.d4 cxd4 4.Nxd4 Nf6 5.Nc3 e5 6.Ndb5 d6 7.Nd5 Nxd5 8.exd5
Ne7 9.c4 Nf5 10.Bd3 a6 11.Qa4 Ke7 12.c5 Bd7 13.Bxf5 Bxb5 14.Qh4+ Ke8 15.Bg5
Be7 16.Bxe7 Qxe7 17.Qxe7+ Kxe7 18.b4 a5 19.Rb1 g6 20.bxa5 Rxa5 21.a4 Ba6 22.
cxd6+ Kxd6 23.Bc2 Rc8 24.Rb6+ Kd7 25.Rb2 Rxd5 26.Bd1 Rc4 27.Rd2 Re4+ 28.Be2
Rxd2 29.Kxd2 Rxe2+ 30.Kc3 Rxf2 31.g3 f5 32.h4 Rf3+ 33.Kb4 Rxg3 34.h5 f4 35.
hxg6 hxg6 36.Kc5 Ke6 0-1

[Event "Cto Equipos Aragon 2012 Div. Honor B "]
[Site "Aragon"]
[Date "2012.02.04"]
[Round "1.29"]
[White "Romon Poves Raul"]
[Black "Monfort Cebrian Emilio"]
[Result "1-0"]
[WhiteElo "2296"]
[BlackElo "1912"]

1.Nc3 d5 2.d4 Nf6 3.Nf3 e6 4.Bg5 c5 5.e4 cxd4 6.Nxd4 e5 7.Bxf6 gxf6 8.Bb5+ Nd7
9.Nf5 d4 10.Qh5 Bb4 11.Bc4 Rf8 12.a3 Bxc3+ 13.bxc3 Qa5 14.O-O Qxc3 15.Bxf7+
Kd8 16.Qxh7 Nc5 17.Qg7 Bxf5 18.Qxf8+ Kc7 19.Qxa8 Nxe4 20.Rab1 Qc6 21.Qxa7 Nc3
22.Qa5+ Kd7 23.Rb6 Qe4 24.Qb4 Ne2+ 25.Kh1 Nf4 26.Rd6+ Kc7 27.Qc5+ 1-0

[Event "Cto Equipos Aragon 2012 Div. Honor B "]
[Site "Aragon"]
[Date "2012.02.04"]
[Round "1.31"]
[White "Gil Capape Marco Antonio"]
[Black "Del Corral Abancens Alfonso"]
[Result "1-0"]
[WhiteElo "2059"]
[BlackElo "1935"]

1.e4 c5 2.Nc3 Nc6 3.f4 g6 4.Nf3 Bg7 5.Bb5 e6 6.Bxc6 bxc6 7.e5 f5 8.b3 Ne7 9.
Ba3 Qa5 10.Na4 Nd5 11.O-O Nb4 12.d3 Ba6 13.c4 Rb8 14.Bb2 O-O 15.a3 Nxd3 16.
Qxd3 d5 17.exd6 Bxb2 18.Nxb2 Qb6 19.Na4 Qxb3 20.Qxb3 Rxb3 21.Nxc5 Rb6 22.Nxa6
Rxa6 23.Ne5 c5 24.Rfd1 Rd8 25.d7 Kf8 26.Rab1 Ke7 27.Rb5 1-0

[Event "Cto Equipos Aragon 2012 Div. Honor B "]
[Site "Aragon"]
[Date "2012.02.04"]
[Round "1.32"]
[White "Munoz Bornao Miguel Angel"]
[Black "Garcia Lopez Alberto Jose"]
[Result "1/2-1/2"]
[WhiteElo "1788"]
[BlackElo "1943"]

1.e4 d6 2.d4 Nf6 3.Nc3 g6 4.f4 Bg7 5.Nf3 c6 6.Bc4 O-O 7.O-O Nxe4 8.Nxe4 d5 9.
Bd3 dxe4 10.Bxe4 Bg4 11.c3 Nd7 12.h3 Bxf3 13.Qxf3 e6 14.Be3 Nf6 15.Bc2 Nd5 16.
Bf2 a5 17.a4 Qb6 18.Rab1 Rac8 19.Rfe1 Qc7 20.Bg3 Qb6 21.Bf2 Rfd8 22.g4 Bf8 23.
f5 exf5 24.gxf5 c5 25.fxg6 hxg6 26.Be4 Nf6 27.Bxb7 Rc7 28.Be4 cxd4 29.Bxd4 Bc5
30.Bxc5 Rxc5 31.Qf2 Nxe4 32.Rxe4 Rg5+ 33.Rg4 Rxg4+ 34.hxg4 Qe6 35.Qf4 1/2-1/2